0番線のある駅 - Statistics

General Stats
  • This quiz has been taken 245 times
  • The average score is 8 of 32
Answer Stats
Hint Answer % Correct
京都府 京都
77%
岩手県 盛岡
68%
岩手県 北上
49%
長野県 松本
48%
群馬県 高崎
45%
新潟県 越後湯沢
36%
山形県 酒田
35%
鳥取県 米子
33%
千葉県 成東
30%
新潟県 新発田
27%
新潟県 柏崎
27%
新潟県 東三条
26%
岩手県 宮古
24%
長野県 岡谷
24%
和歌山県 御坊
23%
東京都 綾瀬
22%
千葉県 四街道
21%
千葉県 佐原
20%
山口県 宇部
20%
山口県 岩国
19%
長野県 辰野
16%
岡山県 総社
15%
熊本県 八代
13%
岐阜県 岐阜羽島 臨時
12%
滋賀県 近江塩津 臨時
12%
愛知県 岡崎
11%
和歌山県 白浜
11%
高知県 後免
11%
福岡県 原田
9%
東京都 日暮里
7%
福岡県 田川後藤寺
6%
香川県 端岡
2%
No matching quizzes found
Score Distribution
Percent of People with Each Score
Percentile by Number Answered
Your Score History
You have not taken this quiz